| 000 | 01241nam a2200145Ia 4500 | ||
|---|---|---|---|
| 005 | 20260209120130.0 | ||
| 008 | 260209s9999||||xx |||||||||||||| ||und|| | ||
| 100 | _aAbhinav Vardhan Sharma | ||
| 245 | 0 | _aConstitutional status of the president under the Indian constitution | |
| 260 |
_aBangaloreBangalore _bNLSIU _c2011 |
||
| 300 | _a68 p. ; 25 cm. | ||
| 505 | _aTABLE OF CONTENTS Declaration; Acknowledgment; Bonafide Certificate; Table of Contents; Table of cases; INTRODUCTION; Research Methodology; CHAPTER I: THE PRESIDENTIAL STATUS, POWERS AND ITS FUNCTIONS; • Powers of President; • State Emergency (Art. 356); CHAPTER II: PRESIDENT VIs-A-VIS COUNCIL OF MINISTERS; • President's discretionary powers in parallel with the Centre's opinion; CHAPTER III: PRESIDENT'S RULE AND FEDERAL STRUCTURE UNDER THE CONSTITUTION OF INDIA; • Protection Of Union & State Government In Parliamentary System; CHAPTER IV: SAFEGUARD AGAINST PRESIDENTIAL; DICTATORSHIP VIs-A-VIS CABINET DICTATORSHIP; • Safeguards against Presidential Dictatorship; • Safeguards against Cabinet Dictatorship; CONCLUSION ; BIBLIOGRAPHY . | ||
| 700 | _aProf. V S Mallar -GuideProf. V S Mallar -Guide | ||
| 856 | _uhttps://dans.nls.ac.in/handle/123456789/1882 | ||
| 999 |
_c217007 _d217007 |
||